Chile y Bolivia definen sus fronteras 1842-1904
Gespeichert in:
| 1. Verfasser: | |
|---|---|
| Format: | Buch |
| Sprache: | Spanisch |
| Veröffentlicht: |
Santiago
Andrés Bello
1963
|
| Schlagworte: | |
| Tags: |
Tag hinzufügen
Keine Tags, Fügen Sie den ersten Tag hinzu!
|
MARC
| LEADER | 00000nam a2200000 a 4500 | ||
|---|---|---|---|
| 001 | UCS2837 | ||
| 003 | CL-VaPUC | ||
| 008 | 970606e19630000CL |||||||||||||||||spa|d | ||
| 082 | 0 | 4 | |a 341.026 |b RIO |2 21 |
| 100 | 0 | |a Ríos Gallardo, Conrado |e author |9 388705 | |
| 245 | 1 | 0 | |a Chile y Bolivia definen sus fronteras 1842-1904 |
| 300 | |a 254 p | ||
| 942 | |c BK | ||
| 945 | |d 19970606 00:00:00 |a lriquelm | ||
| 260 | |a Santiago |b Andrés Bello |c 1963 | ||
| 650 | 0 | |a Relaciones Internacionales |9 255740 | |
| 650 | 0 | |a Tratados internacionales |9 256056 | |
| 650 | 0 | |a Guerra del Pacífico |9 314886 | |
| 650 | 0 | |a Solución de conflictos |9 266729 | |
| 650 | 0 | |a Diplomacia |9 256483 | |
| 650 | 7 | |a RESTABLECIMIENTO DE LA PAZ |2 CL-VaPUC |9 338676 | |
| 650 | 7 | |a DERECHOS TERRITORIALES |2 CL-VaPUC |9 266725 | |
| 650 | 0 | |a Fronteras |9 338773 | |
| 651 | 7 | |a CHILE |2 CL-VaPUC |9 388706 | |
| 651 | 0 | |a Bolivia |9 255454 | |
| 583 | |a last modification |c 19970606 00:00:00 |k Rodrigo Vera | ||
| 999 | |c 260766 |d 260764 | ||
| 952 | |0 0 |1 0 |4 0 |6 341_026000000000000_RIO_1963 |7 0 |8 A |9 287100 |a BIBDER |b BIBDER |d 2019-11-19 |i 1864971 |o 341.026 RIO 1963 |p 1864971 |r 2023-01-25 |w 2019-11-19 |y BK |k DER | ||
| 952 | |0 0 |1 0 |4 0 |6 341_026000000000000_RIO_1963 |7 0 |8 DER_HDC |9 287101 |a BIBDER |b BIBDER |d 2019-11-19 |i 189286K |o 341.026 RIO 1963 |p 189286K |r 2023-01-25 |w 2019-11-19 |x Ubicación 4to Piso |y BK |z Estos recursos deben solicitarse con anticipación |k DER | ||
| 952 | |0 0 |1 0 |4 0 |6 341_026000000000000_RIO_1963 |7 0 |8 A |9 287102 |a BIBHIS |b BIBHIS |d 2019-11-19 |i 1255274 |o 341.026 RIO 1963 |p 1255274 |r 2025-01-20 |w 2019-11-19 |y BK |k HIS | ||